=LDR 00000nam 2200000 4500 =001 INLIS000000000020531 =005 20200226012322 =035 ##$$a 0010-061300000020531 =008 200226################g##########0#ind## =041 ##$$a Ind =082 ##$$a 155.4 =090 ##$$a 155.4, Sri p =100 ##$$a Sri Rumini =245 1#$$a Perkembangan anak dan remaja, buku pegangan kuliah /$c Prof. Drs. Sri Rumini, Dra Siti Sundari H.S., M.Pd. =260 ##$$a Jakarta :$b Rineka Cipta,$c 2004 =300 ##$$a ix, 82 hlm ; $c 14 x 20 cm. =650 #4$$a Anak, Perkembangan =850 ##$$a NBPNMAT =020 ##$$a 979-518-907-7 =084 ##$$a 155.4 SRI p =504 ##$$a Bibliografi : hlm.81 =990 ##$$a 20609477 =990 ##$$a 20609476